000 01151nas a2200385 4500
001 BR0604392
003 BR-BrBNA
005 20231205110352.0
007 ta
008 230509b bl.|||p| |||| 00| 00por d
040 _aBR-BrBNA
_bpor
_cBiblioteca Nacional de Agricultura
041 _a(Pt)
072 _aL02; L51
100 1 _aMorenz, M.J.F.
100 1 _aSilva, J.F.C. da
100 1 _aAroeira, L.J.M.
100 1 _aDeresz, F.
100 1 _aVásquez, H.M.
100 1 _aPaciullo, D.S.C.
100 1 _aLopes, F.C.F.
100 1 _aElyas, A.C.W.
100 1 _aDetmann, E.
245 1 _aÓxido de cromo e n-alcanos na estimativa do consumo de forragem de vacas em lactação em condições de pastejo
650 _aGADO HOLANDÊS
650 _aGADO ZEBU
650 _aCAPIM ELEFANTE
650 _aFORRAGEM
650 _aCONSUMO
650 _aPASTEJO ROTATIVO
650 _aDIGESTIBILIDADE IN VITRO
650 _aMATÉRIA SECA
773 0 _tRevista Brasileira de Zootecnia (Brazil)
_xISSN 1516-3598
_g(Jul-Aug 2006), v. 35(4) p. 1535-1542
_wBR0604392
909 _a202311
_bLúcia
_c55
_dLúcia Elande
942 _2AGRIS
_n0
_cANA
999 _c187133
_d187133